वन अरेन्ज्ड मर्डर (Record no. 356941)

MARC details
000 -LEADER
fixed length control field 00364 a2200145 4500
005 - DATE AND TIME OF LATEST TRANSACTION
control field 20240925141154.0
008 - FIXED-LENGTH DATA ELEMENTS--GENERAL INFORMATION
fixed length control field 240306b |||||||| |||| 00| 0 eng d
020 ## - INTERNATIONAL STANDARD BOOK NUMBER
International Standard Book Number 9781542032063
041 ## - LANGUAGE CODE
Language code of text/sound track or separate title Marathi
100 ## - MAIN ENTRY--PERSONAL NAME
Author Abhyankar S.
245 ## - TITLE STATEMENT
Title वन अरेन्ज्ड मर्डर
260 ## - PUBLICATION, DISTRIBUTION, ETC.
Name of publisher, distributor, etc. Westland
Date of publication, distribution, etc. 2020
300 ## - PHYSICAL DESCRIPTION
Extent 326
942 ## - ADDED ENTRY ELEMENTS (KOHA)
Koha item type Books
Holdings
Withdrawn status Lost status Source of classification or shelving scheme Damaged status Not for loan Home library Current library Date acquired Vendor Net Price Total Checkouts Full call number Barcode Date last seen Date last checked out Actual Price Bill Date Koha item type
    Dewey Decimal Classification     Cummins College of Engineering for Women Pune Cummins College of Engineering for Women Pune 08/02/2024 149 239.20 6 891.463 BHA CCEP-BK-66136 30/10/2025 15/10/2025 299.00 08/02/2024 Books